|
|
|
|
| LEADER |
00000cam a2200000 a 4500 |
| 001 |
vtls001307007 |
| 003 |
SK-MaSNL |
| 005 |
20260301155729.0 |
| 008 |
180810s1758 xo 0 lat |
| 015 |
|
|
|a SNBHFA
|
| 035 |
|
|
|a SNK000259275
|
| 040 |
|
|
|a SNK
|b slo
|c SNK
|e AACR2
|
| 041 |
0 |
|
|a lat
|
| 044 |
|
|
|a xo
|c SK
|
| 072 |
|
7 |
|a 2-23/-27
|x Biblia. Biblistika
|2 konspekt
|
| 080 |
|
|
|a 2-236.5
|2 2011
|
| 100 |
1 |
|
|a Majthényi, Károly,
|d 1721-1792
|4 aut
|9 520333
|
| 245 |
1 |
0 |
|a Consilia Sapientiae
|b Sive Collecta, Selectaque Salomonis Axiomata, Eruditissimis Considerationibus Ad faciliorem Praxim digesta, Quibus tam semetipsum quilibet Sapiens, quam alios prudenter gubernabit
|
| 260 |
|
|
|a Cassoviae
|b Typis Academicis Societatis Jesu
|c 1758
|
| 300 |
|
|
|a [12], 272 s.
|c 17 cm
|
| 500 |
|
|
|a Titulná strana s vinetou. Vinety. Ozdobné iniciály. Ozdobné linky. Zložky. Kustody
|
| 504 |
|
|
|a Živé záhlavie. Poznámky pod textom
|
| 508 |
|
|
|a Autor podľa iných vydaní
|
| 630 |
0 |
7 |
|a Biblia
|2 SNKPH
|9 17043
|
| 655 |
|
7 |
|a výklady
|2 SNKPH
|9 29178
|
| 700 |
1 |
|
|a Villegas, Didacus Henriquez,
|t Sapiens In Suo Secessu
|4 aut
|9 520334
|
| 710 |
2 |
|
|a Akademická tlačiareň (Košice, Slovensko)
|4 prt
|9 218171
|
| 752 |
|
|
|a Slovensko
|d Košice
|
| 852 |
|
|
|a snk
|p SD 49838
|
| 958 |
|
|
|a ONDV
|
| 958 |
|
|
|a DD
|
| 999 |
|
|
|c 802429
|d 804359
|
| 952 |
|
|
|t P60, <03>, [BOOK], {603}
|a SNK
|b SNK
|y PREZ
|7 0
|p 17A0099902
|o snkSD 49838
|0 0
|1 0
|4 0
|d 1997-10-22
|l 0
|r 2005-01-02 00:00:00
|w 2026-02-24
|